000 00372nam a2200157Ia 4500
003 Ost
005 20260225132539.0
008 260225s9999||||xx |||||||||||||| ||und||
040 _cfsic
041 _afre
082 _a70.43
100 _aJean françois deniau
_eAuteur
245 0 _aLe bureau des secrets perdus /
245 0 _cJean françois deniau
942 _cكتاب
999 _c33413
_d33413